[Event "Donostia Hiria Nazioarteko XXX"]
[Site "Donostia-San Sebastián"]
[Date "2009.04.08"]
[Round "4"]
[White "Djingarova, Emilia"]
[Black "Pena Gomez, Manuel"]
[Result "0-1"]
[WhiteElo "2334"]
[BlackElo "2456"]
[PlyCount "90"]
[EventDate "2009.04.05"]
[EventRounds "9"]
[EventCountry "ESP"]

1. d4 Nf6 2. Nf3 c5 3. g3 cxd4 4. Nxd4 e5 5. Nf3 Nc6 6. Bg2 d5 7. O-O Be7 8. b3
O-O 9. Bb2 Qc7 10. Nbd2 h6 11. c4 d4 12. Qb1 Bg4 13. Re1 Rad8 14. h3 Bh5 15.
Nh4 Bb4 16. Qc2 Bxe2 17. a3 d3 18. Qc1 Bc5 19. b4 Bd4 20. Nf5 Bxb2 21. Qxb2 Nd4
22. Nxd4 Rxd4 23. Rxe2 dxe2 24. Re1 Rfd8 25. Rxe2 Qd7 26. Nf1 e4 27. c5 b6 28.
Rc2 bxc5 29. Rxc5 Rd1 30. Qe5 Qd3 31. Rc3 Qa6 32. b5 Qa5 33. Kh2 R1d3 34. Rc7
Re8 35. Qc5 Qxa3 36. Qxa7 Qxa7 37. Rxa7 Rb3 38. Rb7 Re5 39. Nd2 Rb2 40. Rb8+
Kh7 41. Nc4 Rexb5 42. Rxb5 Rxb5 43. Nd6 Re5 44. Nxf7 Rd5 45. f4 e3 0-1

[Event "Donostia Hiria Nazioarteko XXX"]
[Site "Donostia-San Sebastián"]
[Date "2009.04.08"]
[Round "4"]
[White "Huerga Leache, Mikel"]
[Black "Spassov, Liuben"]
[Result "1-0"]
[WhiteElo "2451"]
[BlackElo "2433"]
[PlyCount "91"]
[EventDate "2009.04.05"]
[EventRounds "9"]
[EventCountry "ESP"]

1. e4 c6 2. d4 d5 3. Nd2 dxe4 4. Nxe4 Bf5 5. Ng3 Bg6 6. Bc4 e6 7. N1e2 Bd6 8.
h4 h6 9. Nf4 Bxf4 10. Bxf4 Nf6 11. Qe2 O-O 12. h5 Bh7 13. O-O-O Nbd7 14. Kb1
Qa5 15. Bd3 Bxd3 16. Rxd3 c5 17. Ne4 cxd4 18. Nxf6+ Nxf6 19. Be5 Rfd8 20. Bxf6
gxf6 21. Qg4+ Kf8 22. Rxd4 Qe5 23. Rdd1 Rac8 24. a3 b6 25. Rxd8+ Rxd8 26. Rd1
Rxd1+ 27. Qxd1 Ke7 28. Qf3 f5 29. g3 Kd6 30. Qd3+ Qd5 31. Qe2 b5 32. b3 Kc6 33.
a4 a6 34. a5 Qe4 35. Qxe4+ fxe4 36. g4 f6 37. c3 Kd5 38. Kc2 Ke5 39. Kd2 Kf4
40. c4 bxc4 41. bxc4 Kf3 42. Ke1 Kf4 43. Ke2 Ke5 44. Ke3 Kd6 45. Kxe4 Kc5 46.
f4 1-0

[Event "Donostia Hiria Nazioarteko XXX"]
[Site "Donostia-San Sebastián"]
[Date "2009.04.08"]
[Round "4"]
[White "Valenti, Giuseppe"]
[Black "Kogan, Artur"]
[Result "0-1"]
[WhiteElo "2201"]
[BlackElo "2541"]
[PlyCount "182"]
[EventDate "2009.04.05"]
[EventRounds "9"]
[EventCountry "ESP"]

1. e4 c5 2. Nf3 d6 3. d4 cxd4 4. Nxd4 Nf6 5. Nc3 Nc6 6. g3 Bg4 7. Nxc6 bxc6 8.
Qd3 Nd7 9. f4 e5 10. f5 Nc5 11. Qe3 f6 12. Bc4 Qb6 13. a3 Rd8 14. b4 Nd7 15.
O-O Bh3 16. Rd1 g6 17. fxg6 hxg6 18. Qxb6 Nxb6 19. Bb3 Bg4 20. Rf1 f5 21. Be6
d5 22. exf5 Rh5 23. h4 e4 24. Bg5 gxf5 25. Bxf5 Bxf5 26. Rxf5 Bg7 27. Raf1 Rxg5
28. hxg5 Bxc3 29. Rf8+ Ke7 30. R1f7+ Ke6 31. Rxd8 Kxf7 32. Rd6 c5 33. bxc5 Bd4+
34. Kf1 Bxc5 35. Rc6 Bxa3 36. Rc7+ Kg6 37. Re7 Nc4 38. Ke2 Kxg5 39. Rd7 Bd6 40.
Rg7+ Kf6 41. Rg8 Ne5 42. Rd8 Ke7 43. Rg8 Kf6 44. Rd8 Nf7 45. Rg8 Ng5 46. Rd8
Ke6 47. Re8+ Kf5 48. Rd8 Nf7 49. Rg8 d4 50. Rg7 Ne5 51. Rg8 Ng6 52. Rd8 Be5 53.
Kf2 Ne7 54. Re8 Nd5 55. Rf8+ Ke6 56. Re8+ Kf6 57. Rf8+ Ke7 58. Rf5 Ke6 59. Rf8
Ne3 60. Rc8 Kd7 61. Rc5 Kd6 62. Rc8 Kd7 63. Rc5 Bd6 64. Rh5 Nxc2 65. Rh4 e3+
66. Ke2 Bxg3 67. Rh7+ Kd6 68. Kd3 Nb4+ 69. Kxd4 e2 70. Rh6+ Kd7 71. Rh1 e1=Q
72. Rxe1 Bxe1 73. Ke4 Ke6 74. Kd4 Bf2+ 75. Ke4 Nd5 76. Kf3 Bb6 77. Ke4 Be3 78.
Kd3 Ke5 79. Kc4 Ke4 80. Kb5 Ne7 81. Kc4 Bd4 82. Kb5 Kd5 83. Kb4 Nf5 84. Kb3 Ne3
85. Kb4 Kc6 86. Kb3 Kb5 87. Ka2 Kb4 88. Kb1 Kb3 89. Kc1 Bc3 90. Kb1 Bd2 91. Ka1
Nc2+ 0-1

[Event "Donostia Hiria Nazioarteko XXX"]
[Site "Donostia-San Sebastián"]
[Date "2009.04.08"]
[Round "4"]
[White "Santos Latasa, Jaime"]
[Black "Suarez Pousa, Diego"]
[Result "1-0"]
[WhiteElo "2155"]
[BlackElo "2431"]
[PlyCount "99"]
[EventDate "2009.04.05"]
[EventRounds "9"]
[EventCountry "ESP"]

1. d4 Nf6 2. c4 e6 3. Nc3 Bb4 4. Qc2 O-O 5. a3 Bxc3+ 6. Qxc3 Ne4 7. Qc2 d5 8.
e3 b6 9. Bd3 Bb7 10. Ne2 Nd7 11. f3 Nef6 12. cxd5 exd5 13. b3 c5 14. Bd2 Rc8
15. Qb2 Re8 16. Kf2 Qe7 17. Rhe1 a5 18. Rac1 Nh5 19. g4 Qh4+ 20. Kg2 Nhf6 21.
Ng3 g6 22. Re2 c4 23. Bb1 cxb3 24. Qxb3 Rxc1 25. Bxc1 Ba6 26. Bd3 Bxd3 27. Qxd3
h5 28. h3 Kg7 29. Re1 Rc8 30. Bd2 Nf8 31. Rh1 Ne6 32. Be1 Qg5 33. h4 Qf4 34.
Bd2 Qd6 35. g5 Ng8 36. f4 Ne7 37. Rf1 Kg8 38. f5 Ng7 39. e4 Ne8 40. e5 Qc7 41.
f6 Qc2 42. Qe3 Nc6 43. Rc1 Qb2 44. e6 Nd6 45. exf7+ Kxf7 46. Rxc6 Re8 47. Rc7+
Kf8 48. Qf4 Re6 49. Rd7 Qxa3 50. f7 1-0

[Event "Donostia Hiria Nazioarteko XXX"]
[Site "Donostia-San Sebastián"]
[Date "2009.04.08"]
[Round "4"]
[White "Abella Vazquez, Cesar"]
[Black "Alvarez Fernandez, Enrique"]
[Result "0-1"]
[WhiteElo "2139"]
[BlackElo "2376"]
[PlyCount "100"]
[EventDate "2009.04.05"]
[EventRounds "9"]
[EventCountry "ESP"]

1. e4 c5 2. Nf3 d6 3. d4 cxd4 4. Qxd4 a6 5. Bg5 Nc6 6. Qd2 h6 7. Bh4 g5 8. Bg3
Bg7 9. c3 Nf6 10. Bd3 Nh5 11. Na3 b5 12. Nc2 Qb6 13. Ne3 Nxg3 14. hxg3 e6 15.
Bc2 Bb7 16. O-O Rd8 17. Rfe1 Qc5 18. Bb3 b4 19. cxb4 Qxb4 20. Nc4 Qxd2 21.
Ncxd2 g4 22. Nh2 h5 23. Ba4 Ke7 24. Bxc6 Bxc6 25. Rac1 Bb5 26. b3 Rc8 27. Nc4
Bxc4 28. bxc4 Rc5 29. Nf1 Rhc8 30. Ne3 Bd4 31. Rb1 Bxe3 32. Rxe3 Rxc4 33. f4
Rc1+ 34. Rxc1 Rxc1+ 35. Kh2 Rc4 36. Kg1 Ra4 37. a3 Rc4 38. Kf2 Rc2+ 39. Kf1 Kd7
40. Rb3 Kc7 41. Rd3 Rc4 42. Re3 Kc6 43. Ke2 Kc5 44. Kd3 Ra4 45. Ke2 Kd4 46. e5
dxe5 47. Rxe5 Rxa3 48. Rxh5 Rxg3 49. Kf2 Ra3 50. Rh7 Ke4 0-1

[Event "Donostia Hiria Nazioarteko XXX"]
[Site "Donostia-San Sebastián"]
[Date "2009.04.08"]
[Round "4"]
[White "Thomassen, Thomas"]
[Black "Dobrev, Nanko"]
[Result "1/2-1/2"]
[WhiteElo "2030"]
[BlackElo "2366"]
[PlyCount "105"]
[EventDate "2009.04.05"]
[EventRounds "9"]
[EventCountry "ESP"]

1. c4 e5 2. g3 f5 3. d4 e4 4. Bg2 d5 5. cxd5 Nf6 6. Bg5 Nbd7 7. Nc3 h6 8. Bxf6
Nxf6 9. Qb3 b6 10. e3 Bb7 11. Nge2 Nxd5 12. O-O Be7 13. Rac1 Qd7 14. Nxd5 Bxd5
15. Qc2 Bd6 16. Nc3 Bb7 17. Qb3 O-O-O 18. Nb5 Kb8 19. Nxd6 Qxd6 20. Rc3 g5 21.
Qa3 Qf6 22. f3 exf3 23. Bxf3 Bxf3 24. Rxf3 Rd5 25. Qa6 Ra5 26. Qc4 Qd6 27. b4
Rd5 28. Rf2 Re8 29. a4 a5 30. b5 h5 31. Qd3 f4 32. Rc6 Qd7 33. gxf4 gxf4 34.
Rxf4 Rg5+ 35. Kh1 Qh3 36. Qe2 Rxe3 37. Rf8+ Kb7 38. Rxc7+ Kxc7 39. Qc4+ Rc5 40.
Qf7+ Qd7 41. dxc5 Qxf7 42. Rxf7+ Kc8 43. cxb6 Re4 44. Ra7 Rxa4 45. Kg2 h4 46.
Kh3 Kb8 47. Kg2 Ra3 48. h3 a4 49. Kh2 Ra2+ 50. Kg1 a3 51. Kh1 Kc8 52. Kg1 Kb8
53. Kh1 1/2-1/2

[Event "Donostia Hiria Nazioarteko XXX"]
[Site "Donostia-San Sebastián"]
[Date "2009.04.08"]
[Round "4"]
[White "Andres Gonzalez, Ivan"]
[Black "Rodriguez Gonzalez, Alex"]
[Result "1-0"]
[WhiteElo "2364"]
[BlackElo "2032"]
[PlyCount "51"]
[EventDate "2009.04.05"]
[EventRounds "9"]
[EventCountry "ESP"]

1. e4 g6 2. d4 c5 3. Nf3 Bg7 4. Nc3 Qa5 5. dxc5 Qxc5 6. Nd5 Na6 7. Be3 Qa5+ 8.
Bd2 Qd8 9. Bc4 Nf6 10. Bc3 O-O 11. Nxf6+ Bxf6 12. Bxf6 exf6 13. O-O d6 14. Bxa6
bxa6 15. Qd4 Qe7 16. Rad1 Rb8 17. b3 Rb6 18. Nd2 Be6 19. f4 Bg4 20. Rde1 Bc8
21. Nc4 Rc6 22. Ne3 Kg7 23. Nd5 Qe6 24. c4 Bb7 25. Qxa7 Ba8 26. f5 1-0

[Event "Donostia Hiria Nazioarteko XXX"]
[Site "Donostia-San Sebastián"]
[Date "2009.04.08"]
[Round "4"]
[White "Tholey, Jean-Paul"]
[Black "Rudolf, Anna"]
[Result "0-1"]
[WhiteElo "2004"]
[BlackElo "2330"]
[PlyCount "130"]
[EventDate "2009.04.05"]
[EventRounds "9"]
[EventCountry "ESP"]

1. d4 e6 2. c4 Nf6 3. Nc3 Bb4 4. Qc2 d5 5. cxd5 exd5 6. Nf3 O-O 7. Bg5 c5 8. a3
Bxc3+ 9. Qxc3 c4 10. e3 Nbd7 11. Be2 Qb6 12. Nd2 Re8 13. O-O Qe6 14. b3 cxb3
15. Rab1 Nb6 16. Rfc1 Bd7 17. Qxb3 Rac8 18. Bxf6 Qxf6 19. Bb5 Qd6 20. Bxd7 Qxd7
21. Rc5 h6 22. Qb5 Qxb5 23. Rbxb5 Nc4 24. Nxc4 dxc4 25. Kf1 b6 26. Rxc8 Rxc8
27. Ke2 c3 28. Kd1 c2+ 29. Kc1 Kf8 30. a4 a5 31. Rxb6 Rc4 32. Rb2 Ke7 33. Rxc2
Rxa4 34. Rc7+ Ke6 35. Kd2 Ra2+ 36. Rc2 Ra4 37. g4 Kd5 38. f3 Ra3 39. h4 a4 40.
h5 Rb3 41. Rc4 Rb6 42. Rc5+ Kd6 43. Ra5 Rb2+ 44. Kd3 Rb3+ 45. Ke4 a3 46. Ra6+
Ke7 47. Kf4 Rd3 48. Ra4 Kd6 49. e4 Kc6 50. e5 Kb5 51. Ra7 Rxd4+ 52. Kf5 Ra4 53.
Rb7+ Kc4 54. Rxf7 a2 55. Rc7+ Kd5 56. Rd7+ Kc6 57. Rd1 a1=Q 58. Rxa1 Rxa1 59.
Kg6 Ra7 60. f4 Kd5 61. g5 Ke6 62. f5+ Kxe5 63. f6 gxf6 64. gxf6 Ra6 65. Kxh6
Rxf6+ 0-1

[Event "Donostia Hiria Nazioarteko XXX"]
[Site "Donostia-San Sebastián"]
[Date "2009.04.08"]
[Round "4"]
[White "Nava Pereda, Carlos"]
[Black "Garro Beraza, Haritz"]
[Result "1-0"]
[WhiteElo "2296"]
[BlackElo "2028"]
[PlyCount "83"]
[EventDate "2009.04.05"]
[EventRounds "9"]
[EventCountry "ESP"]

1. c4 Nf6 2. Nc3 g6 3. e4 d6 4. d4 Bg7 5. f3 O-O 6. Be3 e5 7. d5 c6 8. Bd3 cxd5
9. cxd5 Nh5 10. Nge2 f5 11. exf5 Bxf5 12. O-O Nf6 13. Ng3 Bxd3 14. Qxd3 a6 15.
Nge4 Nh5 16. g3 b5 17. Ng5 Qe7 18. Ne6 Rc8 19. Ne4 Nd7 20. Rac1 Ndf6 21. Kh1
Nxe4 22. fxe4 Bf6 23. Qa3 Rc4 24. Rxc4 bxc4 25. Qa4 Ng7 26. Nxg7 Kxg7 27. Qxc4
Rb8 28. b3 a5 29. Bd2 Qa7 30. Qc1 Be7 31. Bh6+ Kg8 32. Qc3 Bf8 33. Bd2 a4 34.
b4 Qa6 35. Rf2 Rc8 36. b5 Qb7 37. Qa5 Ra8 38. Qb4 Qb6 39. Rf3 Bg7 40. Be3 Qb7
41. b6 Bf8 42. Qb5 1-0

[Event "Donostia Hiria Nazioarteko XXX"]
[Site "Donostia-San Sebastián"]
[Date "2009.04.08"]
[Round "4"]
[White "Fuente San Sebastian, Ernesto"]
[Black "Thomassen, Joachim"]
[Result "0-1"]
[WhiteElo "1991"]
[BlackElo "2289"]
[PlyCount "63"]
[EventDate "2009.04.05"]
[EventRounds "9"]
[EventCountry "ESP"]

1. e4 c5 2. Nf3 d6 3. d4 cxd4 4. Nxd4 Nf6 5. Nc3 a6 6. Be2 e6 7. Be3 Qc7 8. f4
b5 9. Bf3 Bb7 10. a3 Nbd7 11. Qe2 Be7 12. g4 Nc5 13. Bf2 g5 14. e5 dxe5 15.
fxe5 Nxg4 16. O-O-O Nxf2 17. Qxf2 Qxe5 18. Nxe6 Nxe6 19. Bxb7 Bc5 20. Bc6+ Kf8
21. Qf3 Ra7 22. Qh5 Kg7 23. Rhf1 Nf4 24. Qg4 h5 25. Qf3 Qe3+ 26. Qxe3 Bxe3+ 27.
Kb1 Rc8 28. Be4 Re7 29. Rd6 Rxc3 30. bxc3 Rxe4 31. Rxa6 Nd5 32. Kb2 {Ilegible}
0-1

[Event "Donostia Hiria Nazioarteko XXX"]
[Site "Donostia-San Sebastián"]
[Date "2009.04.09"]
[Round "5"]
[White "Alsina Leal, Daniel"]
[Black "Lafuente, Pablo"]
[Result "1/2-1/2"]
[WhiteElo "2503"]
[BlackElo "2517"]
[PlyCount "99"]
[EventDate "2009.04.05"]
[EventRounds "9"]
[EventCountry "ESP"]

1. e4 e5 2. Nf3 Nc6 3. Bb5 a6 4. Ba4 Nf6 5. O-O Be7 6. Re1 b5 7. Bb3 d6 8. c3
O-O 9. h3 Nb8 10. d4 Nbd7 11. Nbd2 Bb7 12. Bc2 Re8 13. a4 Bf8 14. Bd3 c6 15. b3
Qc7 16. Qc2 g6 17. Bb2 Bg7 18. c4 bxa4 19. Rxa4 exd4 20. Bxd4 Nc5 21. Raa1 Nxd3
22. Qxd3 c5 23. Bc3 Qc6 24. e5 Nh5 25. Ne4 dxe5 26. Qd6 Bf8 27. Qxc6 Bxc6 28.
Nxe5 Bxe4 29. Rxe4 f5 30. Re3 Rab8 31. Ra3 Bh6 32. Re1 Bg7 33. g3 Nf6 34. Nd3
Rxe1+ 35. Bxe1 Ne4 36. Kf1 Rd8 37. Ke2 Bc3 38. Nxc5 Bb2 39. Ra5 Re8 40. Na4
Nc5+ 41. Kd1 Nxb3 42. Rxa6 Bd4 43. Rd6 Ra8 44. Kc2 Be5 45. Rd5 Nd4+ 46. Kd3 Nf3
47. Ba5 Bf6 48. Nb6 Re8 49. Bb4 Ne5+ 50. Ke2 {Ilegible} 1/2-1/2

[Event "Donostia Hiria Nazioarteko XXX"]
[Site "Donostia-San Sebastián"]
[Date "2009.04.09"]
[Round "5"]
[White "Pena Gomez, Manuel"]
[Black "Maiorov, Nikita"]
[Result "1/2-1/2"]
[WhiteElo "2456"]
[BlackElo "2525"]
[PlyCount "42"]
[EventDate "2009.04.05"]
[EventRounds "9"]
[EventCountry "ESP"]

1. c4 Nf6 2. Nc3 e5 3. g3 Bc5 4. Bg2 O-O 5. e3 c6 6. d4 exd4 7. exd4 Bb4 8.
Nge2 d5 9. cxd5 Nxd5 10. O-O Be6 11. Ne4 Na6 12. Qc2 Be7 13. a3 Qc8 14. Bg5 f6
15. Bf4 Bh3 16. Bxh3 Qxh3 17. Rfe1 Rad8 18. Qb3 g5 19. N4c3 Qd7 20. Nxd5 cxd5
21. Bd2 Nb8 1/2-1/2

[Event "Donostia Hiria Nazioarteko XXX"]
[Site "Donostia-San Sebastián"]
[Date "2009.04.09"]
[Round "5"]
[White "Huerga Leache, Mikel"]
[Black "Tratar, Marko"]
[Result "1-0"]
[WhiteElo "2451"]
[BlackElo "2488"]
[PlyCount "109"]
[EventDate "2009.04.05"]
[EventRounds "9"]
[EventCountry "ESP"]

1. e4 e6 2. d4 d5 3. Nd2 h6 4. Ngf3 Nf6 5. Bd3 c5 6. dxc5 dxe4 7. Nxe4 Nxe4 8.
Bxe4 Qxd1+ 9. Kxd1 Bxc5 10. Ke2 Nd7 11. Be3 Bxe3 12. Kxe3 Nc5 13. Rad1 Nxe4 14.
Kxe4 b6 15. Ne5 Bb7+ 16. Ke3 O-O 17. Rd7 Bxg2 18. Rg1 Bh3 19. Rb7 g5 20. Rd1
Bf5 21. Rdd7 f6 22. Rg7+ Kh8 23. Ng6+ Bxg6 24. Rxg6 h5 25. Rgg7 Rfc8 26. Rh7+
Kg8 27. Rbg7+ Kf8 28. Rf7+ Kg8 29. Rhg7+ Kh8 30. c3 Rc5 31. Rh7+ Kg8 32. Rfg7+
Kf8 33. Rd7 Re5+ 34. Kf3 g4+ 35. Kg3 Kg8 36. Kh4 Rf5 37. Rhg7+ Kh8 38. Rge7
Rxf2 39. Rh7+ Kg8 40. Rdg7+ Kf8 41. Kxh5 Rxh2+ 42. Kg6 Rxh7 43. Rxh7 Kg8 44.
Rg7+ Kh8 45. Kf7 Rd8 46. Rxg4 Rd7+ 47. Kxe6 Rd2 48. Kf7 Rh2 49. b4 b5 50. Rf4
Kh7 51. Rxf6 Rxa2 52. Rf5 Kh6 53. Rxb5 Rf2+ 54. Ke6 Kg6 55. Re5 1-0

[Event "Donostia Hiria Nazioarteko XXX"]
[Site "Donostia-San Sebastián"]
[Date "2009.04.09"]
[Round "5"]
[White "San Segundo Carrillo, Pablo"]
[Black "Camacho Collados, Jose"]
[Result "1-0"]
[WhiteElo "2560"]
[BlackElo "2379"]
[PlyCount "127"]
[EventDate "2009.04.05"]
[EventRounds "9"]
[EventCountry "ESP"]

1. d4 d5 2. c4 e6 3. Nc3 Nf6 4. cxd5 exd5 5. Bg5 Be7 6. e3 O-O 7. Bd3 Nbd7 8.
Qc2 c6 9. Nf3 Re8 10. O-O Nf8 11. Rae1 g6 12. h3 Ne6 13. Bxf6 Bxf6 14. b4 Ng7
15. b5 Bf5 16. Bxf5 Nxf5 17. bxc6 bxc6 18. Na4 Rc8 19. Nc5 Nh4 20. Nxh4 Bxh4
21. Rb1 Be7 22. Rb3 Qa5 23. Rc3 Bxc5 24. Rxc5 Qa6 25. Rc1 Red8 26. Qc3 Rd6 27.
Rc2 Qb7 28. Rb2 Qe7 29. Qd3 Rc7 30. a4 Rb7 31. Qb1 Rxb2 32. Qxb2 Qc7 33. a5 Rd8
34. Qb4 Kg7 35. Rc1 Kf6 36. Qc5 Rc8 37. Rb1 Qd7 38. e4 Kg7 39. e5 Rc7 40. a6
Qe7 41. Qxe7 Rxe7 42. f4 Kf8 43. Kf2 Ke8 44. Rb8+ Kd7 45. Ra8 Ke6 46. g4 Rc7
47. Ke3 c5 48. dxc5 Rxc5 49. Rxa7 Rc3+ 50. Kf2 Rc2+ 51. Kg3 Rc3+ 52. Kh4 g5+
53. Kxg5 Rxh3 54. f5+ Kxe5 55. Rxf7 h6+ 56. Kg6 Rg3 57. Re7+ Kd6 58. Re6+ Kd7
59. a7 Ra3 60. Kf7 Kc8 61. a8=Q+ Rxa8 62. Re8+ Kb7 63. Rxa8 Kxa8 64. Kg7 1-0

[Event "Donostia Hiria Nazioarteko XXX"]
[Site "Donostia-San Sebastián"]
[Date "2009.04.09"]
[Round "5"]
[White "Alvarez Fernandez, Enrique"]
[Black "Salgado Lopez, Ivan"]
[Result "0-1"]
[WhiteElo "2376"]
[BlackElo "2559"]
[PlyCount "110"]
[EventDate "2009.04.05"]
[EventRounds "9"]
[EventCountry "ESP"]

1. d4 Nf6 2. Bf4 b6 3. e3 Bb7 4. h3 g6 5. Nf3 Bg7 6. Be2 O-O 7. O-O d6 8. Bh2
Nbd7 9. Nfd2 e5 10. Bf3 e4 11. Be2 Qe7 12. c4 c5 13. Nb3 d5 14. Nc3 dxc4 15.
Bxc4 Rfd8 16. Nb5 Ne8 17. a4 cxd4 18. N5xd4 Ne5 19. Be2 a6 20. Rc1 a5 21. Qc2
Rac8 22. Qd2 Nd6 23. Rxc8 Rxc8 24. Bxe5 Bxe5 25. Rc1 Rxc1+ 26. Qxc1 Qd7 27. Nb5
Nf5 28. Qd2 Qe7 29. N3d4 Qd8 30. Nf3 Qxd2 31. Nxd2 Nd6 32. Nxd6 Bxd6 33. Nc4
Bc7 34. Kf1 f6 35. Ke1 Kf7 36. Kd2 Ke6 37. Kc3 Kd5 38. b4 Bc6 39. Kb3 Bd8 40.
f4 axb4 41. Kxb4 Be7+ 42. Kb3 Kc5 43. g4 h6 44. h4 Bd7 45. Kc3 g5 46. h5 gxf4
47. exf4 Be6 48. Ne3 Bd6 49. Ng2 Bd7 50. Bd1 Bc7 51. g5 fxg5 52. fxg5 Bh3 53.
Ne3 Bf4 54. Bg4 Bxg4 55. Nxg4 Bxg5 0-1

[Event "Donostia Hiria Nazioarteko XXX"]
[Site "Donostia-San Sebastián"]
[Date "2009.04.09"]
[Round "5"]
[White "Kogan, Artur"]
[Black "Andres Gonzalez, Ivan"]
[Result "1-0"]
[WhiteElo "2541"]
[BlackElo "2364"]
[PlyCount "46"]
[EventDate "2009.04.05"]
[EventRounds "9"]
[EventCountry "ESP"]

1. d4 Nf6 2. Nf3 g6 3. c4 Bg7 4. Nc3 O-O 5. e4 d6 6. Be2 Bg4 7. Be3 Nfd7 8. Ng1
Bxe2 9. Ngxe2 c5 10. d5 Na6 11. O-O Nc7 12. a4 Rb8 13. Qd2 Re8 14. Ra3 a6 15.
a5 b5 16. axb6 Rxb6 17. b3 Qb8 18. Qc2 e6 19. dxe6 fxe6 20. Rd1 Ne5 21. Na4 Rc6
22. f4 Ng4 23. Bc1 Qb4 {Ilegible} 1-0

[Event "Donostia Hiria Nazioarteko XXX"]
[Site "Donostia-San Sebastián"]
[Date "2009.04.09"]
[Round "5"]
[White "Cifuentes Parada, Roberto"]
[Black "Nava Pereda, Carlos"]
[Result "1/2-1/2"]
[WhiteElo "2531"]
[BlackElo "2296"]
[PlyCount "122"]
[EventDate "2009.04.05"]
[EventRounds "9"]
[EventCountry "ESP"]

1. Nf3 Nf6 2. c4 g6 3. Nc3 Bg7 4. e4 c5 5. d4 cxd4 6. Nxd4 Nc6 7. Be3 Ng4 8.
Qxg4 Nxd4 9. Qd1 e5 10. Bd3 O-O 11. O-O d6 12. a4 Be6 13. Nb5 a6 14. Nxd4 exd4
15. Bd2 Rc8 16. b3 f5 17. exf5 Bxf5 18. Bxf5 Rxf5 19. Rc1 Qd7 20. Qe2 Re8 21.
Qd3 Qc6 22. a5 Rfe5 23. b4 Re2 24. Rfe1 Rxe1+ 25. Rxe1 Rxe1+ 26. Bxe1 d5 27.
cxd5 Qxd5 28. Bd2 Qd6 29. Kf1 h6 30. h3 Kh7 31. f3 Qd7 32. g4 h5 33. Kg2 hxg4
34. hxg4 Bh6 35. g5 Bg7 36. Kf2 Qh3 37. Qe4 Qh2+ 38. Ke1 Qg1+ 39. Ke2 Qg2+ 40.
Kd3 Qf1+ 41. Kc2 Qc4+ 42. Kd1 Qf1+ 43. Be1 Qb5 44. f4 Qa4+ 45. Ke2 Qd7 46. Bd2
Qg4+ 47. Kd3 Qh3+ 48. Kc2 Qc8+ 49. Kb3 Qh3+ 50. Kb2 Qd7 51. Qd3 Qd5 52. Qh3+
Kg8 53. Qb3 Qf7 54. Qxf7+ Kxf7 55. Kb3 Ke6 56. Kc4 Bf8 57. Kxd4 Kf5 58. Kc4 Bd6
59. Kd4 Be7 60. Kd3 Bf8 61. Kc3 Be7 {Ilegible} 1/2-1/2

[Event "Donostia Hiria Nazioarteko XXX"]
[Site "Donostia-San Sebastián"]
[Date "2009.04.09"]
[Round "5"]
[White "Herraiz Hidalgo, Herminio"]
[Black "Fidalgo Fernandez, Javier"]
[Result "1/2-1/2"]
[WhiteElo "2520"]
[BlackElo "2285"]
[PlyCount "66"]
[EventDate "2009.04.05"]
[EventRounds "9"]
[EventCountry "ESP"]

1. Nf3 Nf6 2. c4 e6 3. d4 d5 4. e3 c5 5. Nc3 Nc6 6. cxd5 exd5 7. Bb5 a6 8.
Bxc6+ bxc6 9. O-O Be7 10. b3 O-O 11. dxc5 Bxc5 12. Bb2 Re8 13. Rc1 Bd6 14. Ne2
Bd7 15. Ng3 a5 16. Qc2 Ne4 17. Rfd1 a4 18. Nxe4 Rxe4 19. Rd4 axb3 20. axb3 Qe7
21. Rxe4 dxe4 22. Qc3 f6 23. Nd2 Ra2 24. Nc4 Bb4 25. Qd4 Be6 26. Qxe4 Qf7 27.
Ra1 Qd7 28. Qd4 Qxd4 29. exd4 Rxa1+ 30. Bxa1 Bf5 31. Ne3 Be6 32. Nc4 Bf5 33.
Ne3 Be6 1/2-1/2

[Event "Donostia Hiria Nazioarteko XXX"]
[Site "Donostia-San Sebastián"]
[Date "2009.04.09"]
[Round "5"]
[White "Rudolf, Anna"]
[Black "Bhat, Vinay S"]
[Result "0-1"]
[WhiteElo "2330"]
[BlackElo "2475"]
[PlyCount "74"]
[EventDate "2009.04.05"]
[EventRounds "9"]
[EventCountry "ESP"]

1. e4 e5 2. Nf3 Nc6 3. Bc4 Nf6 4. d3 Be7 5. O-O O-O 6. a4 d6 7. Nbd2 Kh8 8. c3
Ng8 9. d4 exd4 10. cxd4 f5 11. d5 Ne5 12. Nxe5 dxe5 13. exf5 Bxf5 14. Qe2 Nf6
15. Qxe5 Ng4 16. Qe1 Bd6 17. Nf3 Nxh2 18. Nxh2 Bxh2+ 19. Kxh2 Qh4+ 20. Kg1 Qxc4
21. Qc3 Qxd5 22. Bh6 Rf6 23. Rad1 Qf7 24. Bg5 Rg6 25. Bd8 Bg4 26. f3 Bh3 27.
Rf2 c6 28. Re2 h6 29. g4 Qf4 30. Qd3 Kh7 31. Qe4 Qg3+ 32. Kh1 Bxg4 33. fxg4
Rxd8 34. Rg1 Qh3+ 35. Rh2 Qd3 36. Re2 Rd4 37. Qxd3 Rxd3 0-1

[Event "Donostia Hiria Nazioarteko XXX"]
[Site "Donostia-San Sebastián"]
[Date "2009.04.09"]
[Round "5"]
[White "Markosian, David S"]
[Black "Martin Alvarez, Inigo"]
[Result "0-1"]
[WhiteElo "2444"]
[BlackElo "2236"]
[PlyCount "60"]
[EventDate "2009.04.05"]
[EventRounds "9"]
[EventCountry "ESP"]

1. d4 d5 2. Nf3 Nf6 3. Bf4 g6 4. e3 Bg7 5. Nc3 c6 6. Bd3 Bg4 7. h3 Bxf3 8. Qxf3
Nbd7 9. g4 O-O 10. Qg3 Re8 11. O-O-O b5 12. Kb1 Nb6 13. h4 Nc4 14. h5 Qa5 15.
hxg6 hxg6 16. Bxc4 bxc4 17. Bc7 Qb4 18. a3 Qb7 19. Be5 Rab8 20. Bxb8 Rxb8 21.
Na4 Ne4 22. Qh2 Nc3+ 23. Ka1 Nxa4 24. Rb1 Nxb2 25. Qf4 e5 26. dxe5 Qe7 27. Ka2
Bxe5 28. Qh6 Rb6 29. Qh7+ Kf8 30. Qh6+ Ke8 0-1

[Event "Donostia Hiria Nazioarteko XXX"]
[Site "Donostia-San Sebastián"]
[Date "2009.04.09"]
[Round "5"]
[White "Trigo Urquijo, Sergio"]
[Black "Narciso Dublan, Marc"]
[Result "0-1"]
[WhiteElo "2216"]
[BlackElo "2534"]
[PlyCount "48"]
[EventDate "2009.04.05"]
[EventRounds "9"]
[EventCountry "ESP"]

1. Nf3 d6 2. d4 Bg4 3. e3 Nd7 4. Be2 Ngf6 5. h3 Bh5 6. c4 c6 7. Nc3 e5 8. O-O
Be7 9. b3 O-O 10. Bb2 e4 11. Nd2 Bg6 12. f4 exf3 13. Bxf3 Qa5 14. Nde4 Rfe8 15.
Nxf6+ Bxf6 16. e4 Nf8 17. Rc1 Ne6 18. d5 cxd5 19. exd5 Nf4 20. Ba1 Nd3 21. Ne4
Bxe4 22. Bxe4 Nxc1 23. Bxf6 Rxe4 24. Qf3 Rf4 0-1

[Event "Donostia Hiria Nazioarteko XXX"]
[Site "Donostia-San Sebastián"]
[Date "2009.04.09"]
[Round "5"]
[White "Spassov, Liuben"]
[Black "Diaz Herrero, Alvaro"]
[Result "1-0"]
[WhiteElo "2433"]
[BlackElo "2121"]
[PlyCount "45"]
[EventDate "2009.04.05"]
[EventRounds "9"]
[EventCountry "ESP"]

1. d4 Nf6 2. c4 e6 3. Nf3 Nc6 4. g3 d6 5. Nc3 g6 6. Bg2 Bg7 7. O-O O-O 8. h3
Re8 9. e4 e5 10. Be3 exd4 11. Nxd4 Ne5 12. b3 c6 13. Qc2 Qe7 14. Rad1 Ned7 15.
Rfe1 Nc5 16. Bf4 Nh5 17. Nxc6 Qc7 18. Nb5 Qb6 19. Nb4 Nxf4 20. gxf4 Ne6 21. Nd5
Qc5 22. f5 Ng5 23. Nbc7 1-0

[Event "Donostia Hiria Nazioarteko XXX"]
[Site "Donostia-San Sebastián"]
[Date "2009.04.09"]
[Round "5"]
[White "Lakunza Oyarbide, Juan Carlos"]
[Black "Berbatov, Kiprian"]
[Result "0-1"]
[WhiteElo "2158"]
[BlackElo "2393"]
[PlyCount "26"]
[EventDate "2009.04.05"]
[EventRounds "9"]
[EventCountry "ESP"]

1. d4 Nf6 2. c4 g6 3. Nc3 Bg7 4. e4 d6 5. Nf3 O-O 6. Be2 e5 7. Be3 Na6 8. O-O
Qe8 9. d5 Ng4 10. Bd2 f5 11. Ne1 Nf6 12. f3 f4 13. Nd3 g5 {Movil} 0-1

[Event "Donostia Hiria Nazioarteko XXX"]
[Site "Donostia-San Sebastián"]
[Date "2009.04.09"]
[Round "5"]
[White "Argandona Riveiro, Jon"]
[Black "Argandona Riveiro, Inigo"]
[Result "0-1"]
[WhiteElo "1991"]
[BlackElo "2371"]
[PlyCount "42"]
[EventDate "2009.04.05"]
[EventRounds "9"]
[EventCountry "ESP"]

1. d4 Nf6 2. Nf3 g6 3. Nbd2 Bg7 4. e4 d6 5. Bc4 O-O 6. O-O Nc6 7. c3 e5 8. dxe5
Nxe5 9. Nxe5 dxe5 10. Qc2 Qe7 11. h3 b6 12. Re1 Bb7 13. b4 c5 14. Ba3 Rfd8 15.
bxc5 Bc6 16. Ba6 Nd7 17. Nb3 Bf8 18. Bb4 bxc5 19. Na5 Qf6 20. Nxc6 Qxc6 21. Bc4
cxb4 0-1